The climax of French imperial expansion, 1914-1924 /

Bibliographic Details
Main Author: Andrew, Christopher M.
Other Authors: Kanya-Forstner, A. S. (Alexander Sydney), 1940-
Format: Book
Language:English
Published: Stanford, Calif. : Stanford University Press, 1981.
Subjects:

MARC

Tag First Indicator Second Indicator Subfields
LEADER 00000cam a2200000 a 4500
001 in00000088177
005 20151008065045.0
008 810826s1981 caub b 00110 eng
010 |a  80053435  
020 |a 0804711011 
035 |a (OCoLC)07560937 
035 |9 AAK5279AM 
039 0 |a 2  |b 3  |c 3  |d 3  |e 3 
040 |a DLC  |c DLC  |d TXA  |d UtOrBLW 
043 |a e-fr---  |a e-uk--- 
049 |a TXAM  |c [1362248] 
050 0 0 |a DC369  |b .A55 1981 
082 0 |a 944.081/4  |2 19 
100 1 |a Andrew, Christopher M. 
245 1 4 |a The climax of French imperial expansion, 1914-1924 /  |c Christopher M. Andrew and A.S. Kanya-Forstner. 
264 1 |a Stanford, Calif. :  |b Stanford University Press,  |c 1981. 
300 |a 302 pages :  |b maps ;  |c 24 cm. 
336 |a text  |b txt  |2 rdacontent 
337 |a unmediated  |b n  |2 rdamedia 
338 |a volume  |b nc  |2 rdacarrier 
500 |a Includes index. 
504 |a Bibliography: pages [255]-261. 
651 0 |a France  |x Politics and government  |y 1914-1940. 
651 0 |a France  |x Colonies  |x History  |y 20th century. 
651 0 |a France  |x Foreign relations  |z Great Britain. 
651 0 |a Great Britain  |x Foreign relations  |z France. 
700 1 |a Kanya-Forstner, A. S.  |q (Alexander Sydney),  |d 1940- 
999 |a MARS 
999 f f |s 5d07b733-0585-338b-973e-49a02d5cc19c  |i 0f26f8a7-b2a4-3cb2-8b7f-a9770f704b8e  |t 0 
952 f f |p normal  |a Texas A&M University  |b College Station  |c Sterling C. Evans Library  |d Evans: Library Stacks  |t 0  |e DC369 .A55 1981  |h Library of Congress classification  |i unmediated -- volume  |m A14806097442 
998 f f |a DC369 .A55 1981  |t 0  |l Evans: Library Stacks